000 01631nam a2200469 i 4500
001 6284
003 KOSZ 005
005 20200506101450.0
008 970510s1993 pl a |000 0 pol
015 _aUWD 1994/10761
020 _a8385769056
035 _a991000723009705066
035 _a(PL-WaBN)b10232746-48omnis_nlop
035 _ab10232746
035 _a(OCoLC)750583539
035 _a(PL)b0000001023274
035 _a(EXLNZ-48OMNIS_NETWORK)9910262722905606
040 _aWA N
_cWA N
_dKOSZ 005/AR
041 0 _apol
044 _apl
046 _k1993
080 _a004.6
100 1 _aMuraszkiewicz, Mieczysław
_d(1948- )
_eAutor
245 1 0 _aBazy danych /
_cMieczysław Muraszkiewicz, Henryk Rybiński.
260 _aWarszawa :
_bAkademicka Oficyna Wydawnicza RM,
_c1993.
300 _aVI, [2], 163 strony :
_bilustracje ;
_c24 cm.
336 _aTekst
_btxt
_2rdacontent
337 _aBez urządzenia pośredniczącego
_bn
_2rdamedia
338 _aWolumin
_bnc
_2rdacarrier
380 _aKsiążki
388 _a1901-2000
388 _a1989-2000
490 1 _aProblemy Współczesnej Nauki i Techniki. Informatyka
504 _aBibliografia na stronach 155-163, nota bibliograficzna na stronie 99.
650 7 _aBaza danych
_2DBN
700 1 _aRybiński, Henryk
_eAutor
710 _4pbl
_aAkademicka Oficyna Wydawnicza RM
830 0 _aProblemy Współczesnej Nauki i Techniki.
_pInformatyka
856 _u http://koha.tu.koszalin.pl/cgi-bin/koha/opac-detail.pl?biblionumber=6284
_yKatalog online BPK
942 _2UKD
_cKS
999 _c6284
_d6284